The Electrical machines problem solver / (Record no. 179644)
[ view plain ]
| 000 -LEADER | |
|---|---|
| fixed length control field | 01148 a2200229 4500 |
| 003 - CONTROL NUMBER IDENTIFIER | |
| control field | Nust |
| 005 - DATE AND TIME OF LATEST TRANSACTION | |
| control field | 20221028192456.0 |
| 010 ## - LIBRARY OF CONGRESS CONTROL NUMBER | |
| LC control number | 83062280 |
| 020 ## - INTERNATIONAL STANDARD BOOK NUMBER | |
| International Standard Book Number | 0878915516 (pbk.) |
| 040 ## - CATALOGING SOURCE | |
| Transcribing agency | Nust |
| 082 00 - DEWEY DECIMAL CLASSIFICATION NUMBER | |
| Classification number | 621.313,POG |
| 100 ## - MAIN ENTRY--PERSONAL NAME | |
| Personal name | M. Fogiel, director. |
| 9 (RLIN) | 101715 |
| 245 04 - TITLE STATEMENT | |
| Title | The Electrical machines problem solver / |
| Statement of responsibility, etc. | staff of Research and Education Association ; |
| Remainder of title | M. Fogiel, director. |
| 260 ## - PUBLICATION, DISTRIBUTION, ETC. | |
| Place of publication, distribution, etc. | New York, NY : |
| Name of publisher, distributor, etc. | REA, |
| Date of publication, distribution, etc. | c1983. |
| 300 ## - PHYSICAL DESCRIPTION | |
| Extent | xii, 786 p. : |
| Other physical details | ill. ; |
| Dimensions | 26 cm. |
| 505 ## - FORMATTED CONTENTS NOTE | |
| Formatted contents note | Electromagnetism (Page-1), Magnetic Circuits (Page-41), Electric Circuits (Page-98), D .C. Generators (Page-161), D.C. Motors (Page-198), Transformers (Page-247), A.C. Machines (Page-399), Synchronous Generators (Page-447), Synchronous Motors (Page-511), Induction Machines (Page-553), Special Machines (Page-669), Transmission and Distribution of Power (Page-698). |
| 650 #0 - SUBJECT ADDED ENTRY--TOPICAL TERM | |
| Topical term or geographic name entry element | Electric machinery |
| General subdivision | Problems, exercises, etc. |
| 9 (RLIN) | 101559 |
| 700 1# - ADDED ENTRY--PERSONAL NAME | |
| Personal name | Fogiel, M. |
| 9 (RLIN) | 8629 |
| 710 2# - ADDED ENTRY--CORPORATE NAME | |
| Corporate name or jurisdiction name as entry element | Research and Education Association. |
| 9 (RLIN) | 36439 |
| 856 42 - ELECTRONIC LOCATION AND ACCESS | |
| Materials specified | Publisher description |
| Uniform Resource Identifier | <a href="http://www.loc.gov/catdir/enhancements/fy0609/83062280-d.html">http://www.loc.gov/catdir/enhancements/fy0609/83062280-d.html</a> |
| 942 ## - ADDED ENTRY ELEMENTS (KOHA) | |
| Source of classification or shelving scheme | |
| Koha item type | Book |
| Withdrawn status | Lost status | Source of classification or shelving scheme | Damaged status | Not for loan | Permanent Location | Current Location | Shelving location | Date acquired | Full call number | Barcode | Date last seen | Price effective from | Koha item type | Public note |
|---|---|---|---|---|---|---|---|---|---|---|---|---|---|---|
| Military College of Signals (MCS) | Military College of Signals (MCS) | General Stacks | 12/12/2016 | 621.313,FOG | MCS28172 | 12/08/2016 | 12/12/2016 | Book | Almirah No.29, Shelf No.1 |
